书目信息 |
| 题名: |
建筑抗震设计
|
|
| 作者: | 祝英杰 主编 ;张扬扬 编写 | |
| 分册: | ||
| 出版信息: | 北京 中国电力出版社 2006.09 |
|
| 页数: | 220页 | |
| 开本: | 26cm | |
| 丛书名: | ||
| 单 册: | ||
| 中图分类: | TU352.104 | |
| 科图分类: | ||
| 主题词: | 建筑结构--jian zhu jie gou--抗震设计--高等学校--教材 | |
| 电子资源: | ||
| ISBN: | 7-5083-4605-X | |
| 000 | 01077nam0 2200289 450 | |
| 001 | 012007361925 | |
| 005 | 20071228090057.12 | |
| 010 | @a7-5083-4605-X@dCNY21.60 | |
| 100 | @a20071228d2006 km y0chiy0120 ea | |
| 101 | 0 | @achi |
| 102 | @aCN@b110000 | |
| 105 | @aa a 000yy | |
| 106 | @ar | |
| 200 | 1 | @a建筑抗震设计@Ajian zhu kang zhen she ji@f祝英杰主编@Fzhu ying jie zhu bian@g张扬扬编写@Gzhang yang yang bian xie |
| 210 | @a北京@c中国电力出版社@d2006.09 | |
| 215 | @a220页@c图@d26cm | |
| 300 | @a本书为21世纪高等学校规划教材 | |
| 312 | @a英文并列题名取自封面 | |
| 320 | @a有书目 (第220页) | |
| 330 | @a本书主要阐述建筑抗震设计的基本原理和方法。全书共八章,主要包括建筑抗震导论;建筑场地、地基与基础;建筑抗震设计原理;多层和高层钢筋混凝土结构建筑抗震等。 | |
| 510 | 1 | @aSeismic design of buildings@zeng |
| 606 | 0 | @a建筑结构@Ajian zhu jie gou@x抗震设计@x高等学校@j教材 |
| 690 | @aTU352.104@v4 | |
| 701 | 0 | @a祝英杰@Azhu ying jie@4主编 |
| 702 | 0 | @a张扬扬@Azhang yang yang@4编写 |
| 801 | 0 | @aCN@bQSSK@c20071228 |
| 905 | @b273372-74@dTU352.104@eZ916@f3 | |
| 建筑抗震设计/祝英杰主编/张扬扬编写.-北京:中国电力出版社,2006.09 |
| 220页:图;26cm |
| 本书为21世纪高等学校规划教材 |
| ISBN 7-5083-4605-X:CNY21.60 |
| 本书主要阐述建筑抗震设计的基本原理和方法。全书共八章,主要包括建筑抗震导论;建筑场地、地基与基础;建筑抗震设计原理;多层和高层钢筋混凝土结构建筑抗震等。 |
| ● |
| 相关链接 |
|
|
|
正题名:建筑抗震设计
索取号:TU352.104/Z916
 
预约/预借
| 序号 | 登录号 | 条形码 | 馆藏地/架位号 | 状态 | 备注 |
| 1 | 273372 | 202733729 | 建筑库101/101建筑库 83排2列1层/ [索取号:TU352.104/Z916] | 在馆 | |
| 2 | 273373 | 202733738 | 建筑库101/101建筑库 83排2列1层/ [索取号:TU352.104/Z916] | 在馆 | |
| 3 | 273374 | 202733747 | 建筑库101/101建筑库 83排2列1层/ [索取号:TU352.104/Z916] | 在馆 |